ბათუმის შოთა რუსთაველის სახელმწიფო უნივერსიტეტის ბიბლიოთეკა

თბილისის უნივერსიტეტი გიორგი ახვლედიანს : [საიუბილეო კრებული მიძღვნილი გ. ახვლედიანის დაბადების 80 წლისთავისადმი = Юбилейный сборник посвященный Георгию Саридановичу Ахвледиани в связи с 80-летием со дня рождения] / (ბიბ.ჩანაწერი № 54694)

000 -ლიდერი
ფიქსირებული სიგრძის საკონტროლო ველი 01836nam a2200229Ia 4500
001 - საკონტროლო ნომერი
საკონტროლო ველი 21761
003 - საკონტროლო ნომრის იდენტიფიკატორი
საკონტროლო ველი GE_BSU
005 - ბოლო ოპერაციის თარიღი და დრო
საკონტროლო ველი 20220302163939.0
008 - ფიქსირებული სიგრძის მონაცემთა ელემენტები - ზოგადი ინფორმაცია
ფიქსირებული სიგრძის საკონტროლო ველი 181216s ||||ge |||||||||||||| ||geo||
040 ## - კატალოგიზაციის წყარო
Transcribing agency GE_BSU
041 ## - ენის კოდი
Language code of text/sound track or separate title geo
080 ## - უნივერსალური ათობითი კლასიფიკაციის ინდექსი
Universal Decimal Classification number 81(479.22)(092) თ-40
245 ## - ცნობა სათაურის შესახებ
Title თბილისის უნივერსიტეტი გიორგი ახვლედიანს : [საიუბილეო კრებული მიძღვნილი გ. ახვლედიანის დაბადების 80 წლისთავისადმი = Юбилейный сборник посвященный Георгию Саридановичу Ахвледиани в связи с 80-летием со дня рождения] /
Statement of responsibility, etc შ. ძიძიგურის შესავალი სიტყვით ; სარედ. კოლეგია : შ. ძიძიგური (მთ. რედ.) და [სხვ.].
264 ## - წარმოების, გამოცემის, დისტრიბუციის და სხვა ცნობები
გამოცემის, წარმოების, დისტრიბუციის... ადგილი თბილისი :
გამოცემის, წარმოების, დისტრიბუციის... სახელწოდება თბილ. უნ-ტის გამ-ბა,
გამოცემის, წარმოების, დისტრიბუციის... თარიღი 1969.
300 ## - ფიზიკური აღწერა
Extent 485 გვ. :
Other physical details ილ. ;
Dimensions 26 სმ.
Accompanying material ცხრილ. და 1ფ. ნახ. ,4 ფ. პორტრ.
500 ## - ზოგადი შენიშვნა
General note კრებულში მოთავსებულია სამეცნიერო ნაშრომები, რომლებიც ეძღვნება გამოჩენილ ქართველ მეცნიერს გიორგი ახვლედიანს მისი დაბადების 80 წლისთავზე
653 ## - INDEX TERM--UNCONTROLLED
Uncontrolled term ენათმეცნიერება
653 ## - INDEX TERM--UNCONTROLLED
Uncontrolled term ქართველი ენათმეცნიერები
700 ## - ADDED ENTRY--PERSONAL NAME
Personal name ძიძიგური, შ.
Relator term რედაქტორი
9 (RLIN) 13584
942 ## - ADDED ENTRY ELEMENTS (KOHA)
Koha item type წიგნი
Source of classification or shelving scheme
ეგზემპლარები
ჩამოწერის სტატუსი დაკარგული ეგზემპლარის სტატუსი კლასიფიკაციის წყარო ან თაროზე გაწყობის სქემა დაზიანების სტატუსი არ გაიცემა მუდმივი მდებარეობა (დაცვის ადგილი) ამჟამინდელი ადგილსამყოფელი თაროზე განთავსების ადგილი შეძენის თარიღი ღირებულება, შესყიდვის ნორმალური ფასი სრული შენახვის შიფრი შტრიხკოდი ბოლო ოპერაციის თარიღი ეგზემპლარის მიმდევრობითი ნომერი (კეტერი?) ფასის ძალაში შესვლის თარიღი ეგზემპლარის სახეობა საჯარო შენიშვნა
          ბათუმის შოთა რუსთაველის სახელმწიფო უნივერსიტეტის მთავარი ბიბლიოთეკა ბათუმის შოთა რუსთაველის სახელმწიფო უნივერსიტეტის მთავარი ბიბლიოთეკა წიგნსაცავი 2018-12-17 6.00 81(479.22)(092) თ-40 56094 2018-12-17 56094 2018-12-17 წიგნი 6.00 ₾.